[Event "7th RTU Open 2017"]
[Site "Riga"]
[Date "2017.08.10"]
[Round "5"]
[White "Lanka, Zigurds"]
[Black "Stocek, Jiri"]
[Result "1/2-1/2"]
[WhiteElo "2434"]
[BlackElo "2583"]
[Annotator "TA"]
[PlyCount "57"]
[EventDate "2017.??.??"]
[EventType "swiss"]
[EventCountry "LAT"]
[SourceTitle "playchess.com"]
[Source "ChessBase"]
[SourceQuality "1"]

{[%evp 19,57,19,29,-8,8,-6,-2,-17,0,-23,-16,-9,10,8,4,12,24,-1,0,-24,0,0,0,0,0,0,0,0,0,0,0,0,0,0,0,0,0,0,0,0]} 1. Nf3 Nf6 2. c4 b6 3. g3 Bb7 4. Bg2 c5 5. O-O e6 6. b3 Be7 7. Bb2 O-O 8. e3 d6 9. Nc3 Nbd7 10. Qe2 a6 11. Rad1 {[#] A30: Symmetrical English: Double Fianchetto and Hedgehog} b5 $1 {[%mdl 512]} 12. Ne1 $146 (12. cxb5 axb5) ({Predecessor:} 12. d3 b4 13. Na4 Nb6 14. Nxb6 Qxb6 15. e4 Nd7 16. d4 cxd4 17. Bxd4 Qc7 18. Ne1 Bc6 {½-½ (26) Jussupow,A (2610)-Hjartarson,J (2615) Linares 1989}) 12... Qb6 13. Ba1 d5 14. d3 {[%cal Bd2d3,Bd3c4][%mdl 32]} Rfd8 15. f4 dxc4 16. dxc4 Bxg2 17. Nxg2 b4 18. Nb1 Ne4 19. g4 {[%cal Bg3g4,Bg4g5][%mdl 32]} Bf6 20. Qf3 {The position is equal.} Bxa1 21. Qxe4 {[#] And now Rxd7! would win.} Nf6 {[%cal Bd7f6,Bf6e8,Be8d6,Bd6f5][%mdl 32]} 22. Qf3 Rxd1 23. Rxd1 Rd8 24. g5 Ne8 25. Ne1 g6 26. Qe2 Nd6 27. Nd3 (27. Nd2 $5 {[%cal Rd1a1]} Bg7 28. Ndf3 $11) 27... Nf5 {...Nxe3! is the strong threat.} 28. Nd2 Bg7 {Hoping for ...Nxe3!} 29. Nf3 {Precision: White = 51%, Black = 73%.} 1/2-1/2

[Event "7th RTU Open 2017"]
[Site "Riga"]
[Date "2017.08.10"]
[Round "5"]
[White "Miezis, Normunds"]
[Black "Kunin, Vitaly"]
[Result "1/2-1/2"]
[WhiteElo "2430"]
[BlackElo "2551"]
[Annotator "TA"]
[PlyCount "33"]
[EventDate "2017.??.??"]
[EventType "swiss"]
[EventCountry "LAT"]
[SourceTitle "playchess.com"]
[Source "ChessBase"]
[SourceQuality "1"]

{[%evp 26,33,7,8,11,10,11,0,0,0]} 1. c4 e6 2. e4 d5 3. exd5 exd5 4. d4 dxc4 5. Bxc4 Bd6 6. Nf3 Nf6 7. O-O O-O 8. Nc3 Nc6 9. Bg5 h6 {D20: Queen's Gambit Accepted: 3 e3 and 3 e4} 10. Bh4 Bg4 11. h3 Bxf3 12. Qxf3 Nxd4 13. Qxb7 Rb8 14. Qxa7 {[#] LiveBook: 8 Games. With the idea Ne4.The position is equal.} Ra8 $146 15. Qb7 $1 (15. Qxd4 $2 Bh2+ 16. Kxh2 Qxd4 $19) 15... Rb8 16. Qa7 (16. Bxf6 $5 Qxf6 17. Qe4 $15) 16... Ra8 $1 {[%cal Ra8a7]} 17. Qb7 ({Wrong is} 17. Qxd4 $2 Bh2+ 18. Kxh2 Qxd4 $19) 1/2-1/2

[Event "7th RTU Open 2017"]
[Site "Riga"]
[Date "2017.08.10"]
[Round "5"]
[White "Mu, Ke"]
[Black "Ladva, Ottomar"]
[Result "1/2-1/2"]
[WhiteElo "2411"]
[BlackElo "2532"]
[Annotator "TA"]
[PlyCount "51"]
[EventDate "2017.??.??"]
[EventType "swiss"]
[EventCountry "LAT"]
[SourceTitle "playchess.com"]
[Source "ChessBase"]
[SourceQuality "1"]

{[%evp 15,51,11,88,28,39,0,0,0,7,-33,0,8,10,-15,45,38,45,45,45,37,56,47,44,29,36,37,33,35,30,38,25,31,30,31,37,33,42,26]} 1. d4 Nf6 2. c4 e6 3. Nf3 d5 4. Nc3 a6 5. e3 dxc4 6. a4 b6 7. Bxc4 Bb7 8. O-O Nbd7 {[#]} (8... Nc6 $11 {remains equal.}) 9. Re1 {D24: Queen's Gambit Accepted: 3 Nf3 Nf6 4 Nc3} (9. e4 $1 $16) (9. e4 Nxe4 10. Nxe4 Bxe4 11. Ng5 Bg6 12. Qf3 Be7 13. Qc6 O-O 14. Nxe6 fxe6 15. Bxe6+ Kh8 16. Bxd7 Bd6 {½-½ (70) Inarkiev,E (2688)-Harikrishna,P (2705) Havana 2013}) 9... Bb4 $11 10. e4 (10. Qb3 $5 {[%cal Rb3b4]} Ba5 11. Be2 $11) 10... Bxc3 11. bxc3 {Threatening Qd3.The position is equal.} Nxe4 12. d5 $146 ({Predecessor:} 12. Ba3 Nd6 13. Bxe6 O-O 14. Bb3 Re8 15. Rxe8+ Qxe8 16. Ng5 h6 17. Bxd6 hxg5 {½-½ (112) Dautov,R (2603)-Van den Doel,E (2597) Halle 2010}) 12... Ndc5 {[%cal Re6d5]} 13. dxe6 $1 fxe6 {Hoping for ...Qxd1.} 14. Nd4 {Strongly threatening Qh5+.} O-O ({Avoid the trap} 14... Nxc3 $2 15. Qh5+ Kf8 16. Nxe6+ Nxe6 17. Bxe6 $18) ({Black should play} 14... Qh4 $11 15. Be3 O-O-O) 15. Nxe6 Nxe6 16. Bxe6+ Kh8 17. Qxd8 $1 Raxd8 18. Ba3 c5 19. f3 Nxc3 {[#]} 20. a5 $1 {[%mdl 512]} Nb5 (20... bxa5 21. Bxc5) 21. axb6 Nxa3 22. Rxa3 Rd6 23. Bc4 Rxb6 24. Ra5 Bc6 25. Rxc5 Bb5 26. Rb1 {Precision: White = 36%, Black = 80%.} 1/2-1/2

[Event "7th RTU Open 2017"]
[Site "Riga"]
[Date "2017.08.10"]
[Round "5"]
[White "Kumsiashvili, Nikoloz"]
[Black "Zakhartsov, Viacheslav V"]
[Result "1/2-1/2"]
[WhiteElo "2403"]
[BlackElo "2539"]
[Annotator "TA"]
[PlyCount "99"]
[EventDate "2017.??.??"]
[EventType "swiss"]
[EventCountry "LAT"]
[SourceTitle "playchess.com"]
[Source "ChessBase"]
[SourceQuality "1"]

{[%evp 12,99,52,50,64,62,70,62,79,34,32,-40,83,28,17,32,47,32,53,46,65,64,79,87,123,70,110,102,108,109,124,125,116,110,131,141,131,133,141,139,127,133,124,122,137,135,128,131,136,132,124,127,141,140,135,111,140,141,157,127,167,151,156,135,147,138,136,141,160,105,104,62,64,62,69,12,13,18,51,41,74,124,131,139,140,145,140,11,0,0]} 1. d4 Nf6 2. c4 e6 3. Nf3 b6 4. a3 Bb7 5. Nc3 g6 6. Qc2 Bxf3 7. exf3 Bg7 {E12: Queen's Indian: Unusual White 4th moves, 4 a3, 4 Nc3 Bb7 5 a3 and 4 Nc3 Bb7} (7... Nc6 8. Be3 Bg7 9. O-O-O O-O 10. g4 d5 11. Kb1 Na5 12. cxd5 Nxd5 13. h4 Nxc3+ 14. Qxc3 c5 15. Qd3 cxd4 16. Bxd4 Bxd4 17. Qxd4 Qxd4 18. Rxd4 {0-1 (39) Grachev,B (2693)-Shirov,A (2709) Jurmala 2013}) 8. Bg5 h6 9. Bf4 $146 ({Predecessor:} 9. Be3 c6 10. d5 cxd5 11. cxd5 Nxd5 12. Nxd5 exd5 13. Rd1 O-O 14. Rxd5 Nc6 15. Bb5 {1-0 (46) Khenkin,I (2605)-Romanishin,O (2462) Hastings 2016}) 9... c6 {White is slightly better.} 10. d5 cxd5 11. Nb5 (11. cxd5 $14 Nxd5 12. Nxd5 exd5 13. Bd6) 11... Na6 (11... O-O $15 {keeps the upper hand.}) 12. Nd6+ (12. Bd6 $1 $16) 12... Kf8 $11 13. cxd5 Nc5 $1 ({Reject} 13... Nxd5 $6 14. Nb7 $16) 14. dxe6 dxe6 {Hoping for ...Nh5.} 15. O-O-O $1 $36 {[%mdl 2048] And now Nxf7! would win. White has good play.} Nd5 16. Bg3 $1 Qf6 17. Bb5 Nf4 18. Rd2 (18. b4 $16) 18... Nh5 19. Ne8 Rxe8 20. Bd6+ Kg8 21. Bxe8 Kh7 22. Bb5 Rc8 23. Kb1 Nf4 24. g3 $1 {[%cal Rg3f4]} Nd5 25. f4 $1 Qd8 {aiming for ...Nb7.} 26. Be5 Nd7 27. Qd3 Nxe5 28. fxe5 Bxe5 29. Bc4 {[%cal Rc4d5]} Rc5 30. Rhd1 Qc7 31. Bxd5 Rxd5 32. Qe2 Rxd2 33. Qxd2 $16 {[%mdl 4096] Endgame KQR-KQB} Qc5 34. Qc2 Qb5 35. Ka2 Bg7 36. Rd2 a5 37. Qb3 Qc6 38. Qd3 b5 39. Rc2 Qb7 {[#]} 40. Rc5 (40. h4 $142 $1) 40... b4 41. Rxa5 {a4 is the strong threat.} bxa3 $1 42. Qxa3 Qb6 $1 43. Ra4 (43. f4 $14) 43... Qxf2 $11 44. Rf4 Qxh2 45. Rxf7 {Threatening mate with Qc3.} Qd2 46. Qc3 {[%csl Gf7][%cal Rc3g7]} Qd5+ {[#]} 47. Ka3 $1 {[%csl Gf7][%cal Rc3g7]} Qa8+ 48. Kb3 {[%csl Gf7][%cal Rc3g7]} Qd5+ 49. Kc2 (49. Kb4 $16 {[%csl Gf7][%cal Rc3g7]} Qd6+ 50. Ka4 Qa6+ 51. Kb3 Qb5+ 52. Kc2 Qe2+ 53. Kc1) 49... Qe4+ 50. Qd3 {Precision: White = 47%, Black = 56%.} 1/2-1/2

[Event "7th RTU Open 2017"]
[Site "Riga"]
[Date "2017.08.10"]
[Round "5"]
[White "Tomazini, Zan"]
[Black "Zeng, Chongsheng"]
[Result "0-1"]
[WhiteElo "2395"]
[BlackElo "2537"]
[Annotator "TA"]
[PlyCount "80"]
[EventDate "2017.??.??"]
[EventType "swiss"]
[EventCountry "LAT"]
[SourceTitle "playchess.com"]
[Source "ChessBase"]
[SourceQuality "1"]

{[%evp 20,80,12,5,34,32,45,34,19,37,90,43,95,89,95,38,81,0,-3,-27,64,65,58,60,209,-166,-174,-272,-277,-274,-273,-275,-270,-265,-272,-262,-266,-281,-295,-295,-291,-666,-291,-282,-279,-464,-324,-312,-306,-730,-727,-682,-713,-712,-614,-652,-610,-1570,-1400,-1294,-832,-1275,-1245]} 1. e4 c5 2. Nf3 e6 3. c3 Nf6 4. e5 Nd5 5. d4 cxd4 6. cxd4 b6 7. Bd3 Ba6 8. O-O Bxd3 {B22: Sicilian: 2 c3} 9. Qxd3 Nc6 10. Nc3 Nxc3 11. bxc3 {LiveBook: 5 Games} Rc8 12. d5 $146 ({Predecessor:} 12. Bd2 d6 13. exd6 Qxd6 14. c4 Be7 15. d5 O-O 16. Qe4 {0-1 (33) Nemec,V (2172)-Kozul,Z (2617) Mali Losinj 2017}) 12... exd5 13. Qxd5 Be7 14. Rd1 Na5 (14... Qc7 $14) 15. Rd3 (15. Nd4 {seems wilder.} O-O 16. Nf5 Kh8 17. Bf4 Rxc3 18. Qxd7 Qxd7 19. Rxd7 Bb4 20. Bd2) 15... Rc5 (15... O-O $14) 16. Qe4 $1 $36 {[%mdl 2048] Black is under strong pressure.} Qc8 17. Bf4 ({Better is} 17. Qg4 $16 Rxc3 18. Rd1) 17... O-O 18. Nd4 (18. Rad1 $1 $16) 18... Re8 $11 {[%cal Bf8e8,Be8e6,Be6f6][%mdl 32]} 19. Nf5 {And now Nxg7! would win.} g6 (19... Qc6 $11 20. Qe2 Bf8) 20. Nh6+ $14 Kg7 21. Be3 {Black must now prevent Qf4.} Rxc3 (21... Nc6 $1 $14) 22. e6 $4 {[%mdl 8192]} (22. Rxc3 $18 {is the narrow road to win.} Qxc3 23. Rc1) 22... Bf6 $1 $19 23. Bd4 ({But not} 23. Rxd7 $2 Qxd7 $1 {[%mdl 512]} 24. Ng4 Qxe6 $19) (23. Rad1 {was called for.} Rxe6 24. Qd5 (24. Rxc3 $2 Qxc3 25. Qf4 Nc4 $19)) 23... Rxe6 24. Bxf6+ Rxf6 25. Ng4 {Strongly threatening Qe3.} Rc1+ 26. Rd1 {[#]} Rxa1 $1 ({Don't go for} 26... Qc2 $2 27. Qxc2 Rxc2 28. Nxf6 $16) 27. Rxa1 Qc3 28. Rf1 Re6 29. Qf4 h5 30. Qh6+ Kg8 31. Ne3 Nc4 32. Nd5 $2 (32. Nxc4 {was necessary.} Qxc4 33. a3) 32... Qd3 33. Qg5 Kg7 34. h4 $2 (34. Nc7 Re5 35. Qc1) 34... f6 {Black is clearly winning.} 35. Nxf6 Rxf6 36. Re1 Qd2 37. Re7+ Rf7 38. Rxf7+ Kxf7 39. Qd8 Qe1+ 40. Kh2 Qe8 {Precision: White = 45%, Black = 49%.} 0-1

[Event "7th RTU Open 2017"]
[Site "Riga"]
[Date "2017.08.10"]
[Round "5"]
[White "Rakesh Kumar Jena"]
[Black "Berelowitsch, Alexander"]
[Result "1/2-1/2"]
[WhiteElo "2394"]
[BlackElo "2527"]
[Annotator "TA"]
[PlyCount "31"]
[EventDate "2017.??.??"]
[EventType "swiss"]
[EventCountry "LAT"]
[SourceTitle "playchess.com"]
[Source "ChessBase"]
[SourceQuality "1"]

{[%evp 29,31,0,0,0]} 1. e4 e6 2. d4 d5 3. Nd2 c5 4. Ngf3 Nf6 5. e5 Nfd7 6. c3 Nc6 7. Bd3 Qb6 8. O-O cxd4 9. cxd4 Nxd4 10. Nxd4 Qxd4 11. Nf3 Qb6 12. Qa4 Qb4 13. Qc2 $146 Qc5 14. Qa4 Qb4 15. Qc2 Qc5 16. Qa4 {C06: French Tarrasch: 3...Nf6 4 e5 Nfd7 5 Bd3 main lines} 1/2-1/2

[Event "7th RTU Open 2017"]
[Site "Riga"]
[Date "2017.08.10"]
[Round "5"]
[White "Mandizha, Farai"]
[Black "Thybo, Jesper Sondergaard"]
[Result "1/2-1/2"]
[WhiteElo "2392"]
[BlackElo "2464"]
[Annotator "TA"]
[PlyCount "47"]
[EventDate "2017.??.??"]
[EventType "swiss"]
[EventCountry "LAT"]
[SourceTitle "playchess.com"]
[Source "ChessBase"]
[SourceQuality "1"]

{[%evp 21,47,0,8,-15,0,0,0,0,0,-60,-48,-64,10,12,15,0,4,-86,0,0,94,0,0,0,0,0,0,0]} 1. d4 Nf6 2. c4 g6 3. Nc3 d5 4. cxd5 Nxd5 5. e4 Nxc3 6. bxc3 Bg7 7. Bc4 c5 8. Ne2 O-O 9. O-O Nc6 10. Be3 b6 11. Qd2 {D87: Exchange Grünfeld: Classical Line: Variations without ...cxd4} (11. Rc1 Bb7 12. Qd2 e6 13. Rfd1 Qd7 14. h4 Rac8 15. h5 Na5 16. Bd3 f5 17. e5 c4 18. Bb1 Rfe8 {0-1 (40) Salem,A (2656)-Vachier Lagrave,M (2804) Doha 2016}) 11... Bb7 {LiveBook: 19 Games} 12. Bh6 Bxh6 13. Qxh6 cxd4 {[#] Threatens to win with ...Ne5.} 14. Rad1 $146 ({Find the theoretical novelty and annotate with similar games:} 14. f4 Qd6 15. e5 Qc5 16. Rf3 Bc8 17. Ng3 dxc3+ 18. Kh1 Qxc4 {½-½ (42) Williams,S (2515)-Melkumyan,H (2649) London 2012}) 14... Ne5 15. Rxd4 (15. Nxd4 $11 Qc8 16. Bb3) 15... Qc7 $15 16. Bd5 Rad8 (16... Ba6 $15 17. Qd2 Ng4 $1 {[%mdl 512]}) 17. Rfd1 $11 Ba6 18. Ng3 Qxc3 {...e6 is the strong threat.} 19. Qg5 (19. Nf5 $11 gxf5 20. exf5 Rxd5 21. Rxd5) 19... Nd3 (19... Nc6 $17 20. R4d2 e6 21. Bxc6 Rxd2 22. Qxd2 Qxc6) 20. Nf5 $1 {White wants to mate with Bxf7+!} ({Much worse is} 20. Qe3 e6 $17) 20... e6 {[#]} (20... Rde8 $1 $11 {remains equal.} 21. Nxe7+ Rxe7 22. R4xd3 Bxd3 23. Qxe7 Be2) 21. Qf6 ({White should play} 21. e5 $1 $16 {[%mdl 512] Threatening mate with Nh6+.} exf5 {[#]} (21... Nxe5 22. Ne7+) 22. Bxf7+ $1 {[%mdl 512]} Kxf7 23. Qf6+ Kg8 24. Rxd8 Rxd8 25. Qxd8+ Kg7 26. e6) 21... gxf5 {The position is equal.} 22. Qg5+ Kh8 23. Qf6+ Kg8 {Strongly threatening ...Nf4.} 24. Qg5+ 1/2-1/2

[Event "7th RTU Open 2017"]
[Site "Riga"]
[Date "2017.08.10"]
[Round "5"]
[White "Ozturk, Kubra"]
[Black "Schneider, Ilja"]
[Result "1-0"]
[WhiteElo "2298"]
[BlackElo "2519"]
[Annotator "TA"]
[PlyCount "41"]
[EventDate "2017.??.??"]
[EventType "swiss"]
[EventCountry "LAT"]
[SourceTitle "playchess.com"]
[Source "ChessBase"]
[SourceQuality "1"]

{[%evp 9,41,6,30,30,37,35,37,37,35,31,34,34,31,23,29,29,32,31,31,22,22,23,34,-30,195,193,199,175,175,188,371,362,355,335]} 1. d4 d5 2. c4 c6 3. cxd5 cxd5 4. Bg5 Nc6 5. Nc3 Nf6 (5... f6 {is more complex.} 6. Bd2 e5 7. e4 dxe4 8. dxe5 fxe5 9. Bc4 Nf6) 6. Bxf6 {D10: Slav Defence: 3 cxd5 (without early Nf3) and 3 Nc3} gxf6 7. e3 e6 (7... a6 8. Rc1 Bf5 9. Bd3 Bg6 10. f4 f5 11. h4 h5 12. Nf3 e6 13. Na4 f6 {½-½ (39) Grischuk,A (2761)-Carlsen,M (2832) Paris 2017}) 8. Bd3 {White is slightly better.} f5 9. Nf3 Bd7 10. Qd2 $146 ({Find the theoretical novelty and annotate with similar games:} 10. Rc1 Rc8 11. a3 Bd6 12. O-O O-O 13. Na4 b6 {½-½ (40) Ivanisevic,I (2596)-Predojevic,B (2569) Zlatibor 2006}) 10... Rc8 11. Rc1 a6 12. O-O Bd6 13. Ne2 O-O 14. g3 Qa5 15. Nc3 {[%cal Be2c3,Bc3e4,Be4g5][%mdl 32]} Ne7 16. e4 (16. a3 $14) 16... fxe4 $2 (16... dxe4 $11 17. Nxe4 Qxd2 18. Nfxd2 fxe4 19. Nxe4 Rc6 20. Rxc6 Bxc6 21. Nxd6 Rd8) 17. Qg5+ $18 Ng6 {[#]} 18. Nxe4 $1 {[%mdl 512] Intending Nf6+ and mate.} Be7 {[#]} (18... dxe4 19. Qxa5) 19. Qh5 $1 Kg7 $2 (19... h6 {is a better defense.}) 20. Rxc8 Rxc8 21. Neg5 {Precision: White = 71%, Black = 43%.} 1-0